| 000 | 01074cam a2200193 i 4500 | ||
|---|---|---|---|
| 999 |
_c57947 _d57947 |
||
| 001 | 18739054 | ||
| 005 | 20221111101807.0 | ||
| 008 | 150811s2015 enk b 001 0 eng | ||
| 020 | _a9781107115170x | ||
| 080 | _a324(4) | ||
| 100 | 1 |
_aAtikcan, Ece Özlem, _d _911116 |
|
| 245 | 1 | 0 |
_aFraming the European Union : _bthe power of political arguments in shaping European integration / _cEce Özlem Atikcan. |
| 264 | 1 |
_aCambridge, United Kingdom : _bCambridge University Press, _c2015. |
|
| 300 |
_a320 pages ; _c24 cm. |
||
| 653 | _aFraming the European Union : The Power of Political Arguments in Shaping European Integration | ||
| 653 | _aევროკავშირის შექმნა : პოლიტიკური არგუმენტების ძალა ევროპაში ინტეგრაციის პროცესში | ||
| 653 | _aОбраз Европейского Союза : сила политических аргументов в формировании европейской интеграции | ||
| 942 |
_2udc _cBK |
||